Dynamic Routing with Static Delivery Time Windows in Urban Last-Mile Transport Logistics

Na riešenie výziev dynamického smerovania v logistike poslednej míle bola vyvinutá adaptívna metóda na riešenie viackriteriálneho problému dynamického smerovania vozidiel so statickými časovými oknami, berúc do úvahy skutočnú konfiguráciu mestskej cestnej siete a nestacionárnu dynamiku dopravy na je...

ver descrição completa

Na minha lista:
Detalhes bibliográficos
Autor principal: Danchuk, Viktor
Outros Autores: Hutarevych, Oleksandr, Popov, Stanislav, Busquets-Mataix, José Vicente
Formato: Capítulo de Livro
Idioma:inglês
Assuntos:
Tags: Adicionar Tag
Sem tags, seja o primeiro a adicionar uma tag!

MARC

LEADER 00000naa a2200000 4500
001 0315627
005 20260327115041.9
041 0 |a eng 
044 |a SK 
245 1 0 |a Dynamic Routing with Static Delivery Time Windows in Urban Last-Mile Transport Logistics  |c Viktor Danchuk, Oleksandr Hutarevych, Stanislav Popov, José Vicente Busquets-Mataix 
520 |a Na riešenie výziev dynamického smerovania v logistike poslednej míle bola vyvinutá adaptívna metóda na riešenie viackriteriálneho problému dynamického smerovania vozidiel so statickými časovými oknami, berúc do úvahy skutočnú konfiguráciu mestskej cestnej siete a nestacionárnu dynamiku dopravy na jej úsekoch. Zároveň metóda umožňuje využitie konsolidovaných údajov v reálnom čase o dynamických charakteristikách prepravného toku na úsekoch dopravnej siete z akýchkoľvek zdrojov dostupných v čase optimalizácie (napr. GIS, cestné senzory, mobilné zariadenia atď.). Výsledky simulačných štúdií s použitím metódy optimalizácie mravčej kolónie naznačujú sľubný potenciál navrhovaného prístupu. 
610 2 0 |a logistika 
610 2 0 |a siete cestné 
610 2 0 |a optimalizácia 
610 2 0 |a vozidlá motorové 
610 2 0 |a systémy informačné geografické 
100 1 |a Danchuk, Viktor 
700 1 |a Hutarevych, Oleksandr 
700 1 |a Popov, Stanislav 
700 1 |a Busquets-Mataix, José Vicente